1377 1531 1971 1469 1923 1062 1727 1018 1557 1796 1064 1151 1710 1807 1930 1572 1516 1463 1047 1644 1367 1923 1804 1813 1236 1818 1018 1969 1241 1410 1852 1478 1084 1854 1873 1102 1204 1334 1966 1369 1754 1504 1155 1501 1248 1567 1893 1467 1987 1108 1819 1099 1234 1030 1580 1403 1586 1107 1379 1137 1519 1727 1749 1387 1514 1595 1706 1355 1128 1140 1786 1042 1450 1112 1757 1457 1954 1687 1376 1438 1569 1223 1727 1214 1965 1563 1898 1122 1754 1177 1484 1787 1818 1140 1547 1084 1610 1390 1886 BCNSPRNW ULIB Ver.6.0+V

เปลี่ยนเป็นภาษาไทย

Change to English
 แสดงรายละเอียดบรรณานุกรม
  กลับหน้าหลัก

Brief Record : Get Marc (ISO 2709) : E-mail record : QR code < ปิดหน้าต่าง
LEADER : 00000nam 2200000uu 4500
001    13399124018
003     ULIB
008    020711s2550 th a 000 0 tha d
020    9789749899298
090    นว.^bย731ค
100    โยโคมิโซะ เชชิ :^eเขียน
245    คดีฆ่าตกรรมบนเกาะโกะกุมน : คินดะอิจิยอดนักสืบ/^cโยโคมิโซะ เชชิ : เขียน,ชมนาด ศีติสาร : แปล
250    พิมพ์ครั้งที่ 6
260    กรุงเทพฯ :^b่JBOOK,^c2550
700    ชมนาด ศีติสาร :^eแปล
945    ^p195^l0^i022059
999    ^aกมลทิพย์ ธนสารสุธี
รายการนี้ยังไม่มีแท็ก
คุณยังไม่ได้ล็อกอิน คุณสามารถมีกิจกรรมร่วมกับเว็บไซต์ได้ แต่ต้องล็อกอินก่อน ::
  ล็อกอิน

รายการสื่อสารสนเทศ

ลำดับที่ ประเภท เลขเรียก/บาร์โค้ด สถานที่ สถานะ
1. นวนิยาย
นวนิยาย
นว. ย731ค ฉ.1 
  Barcode: 022059
ห้องสมุดวิทยาเขตสวรรค์ประชารักษ์
►นวนิยาย
บนชั้น
  ขอยืม

BibComment


ยังไม่เคยถูกคอมเมนท์

คอมเมนท์ทรัพยากรรายการนี้
  คอมเมนท์: คดีฆ่าตกรรมบนเกาะ..


 Copyright 2026. Bcnsprnw @Library